The Bull of Minos (Record no. 576575)

MARC details
000 -LEADER
fixed length control field 00713nam a2200169Ia 4500
008 - FIXED-LENGTH DATA ELEMENTS--GENERAL INFORMATION
fixed length control field 250719s9999 xx 000 0 und d
020 ## - INTERNATIONAL STANDARD BOOK NUMBER
ISBN 9781845119423
082 ## - DEWEY DECIMAL CLASSIFICATION NUMBER
Classification number 939.3918
Item number COT
100 ## - MAIN ENTRY--AUTHOR NAME
Personal name Ozment, Steven
245 #4 - TITLE STATEMENT
Title The Bull of Minos
260 ## - PUBLICATION, DISTRIBUTION, ETC. (IMPRINT)
Name of publisher I.B. Tauris
Year of publication 2009
300 ## - PHYSICAL DESCRIPTION
Number of Pages 252 pages
500 ## - GENERAL NOTE
General note A story of two of the most heroic, and controversial, figures in archaeology: Heinrich Schliemann, who discovered the remains of Troy, and Arthur Evans who unearthed the great city of King Minos. Replete with drama and adventure, it tells of the 3,000-year old civilisations that were brought back to life.
650 ## - SUBJECT ADDED ENTRY--TOPICAL TERM
Topical Term Biography & Autobiography
942 ## - ADDED ENTRY ELEMENTS (KOHA)
Koha item type English Books
Holdings
Withdrawn status Lost status Damaged status Not for loan Home library Current library Shelving location Date acquired Full call number Accession Number Price effective from Koha item type
        Anna Centenary Library Anna Centenary Library 7TH FLOOR, B WING 19.07.2025 939.3918 COT 214465 19.07.2025 English Books

Find us on the map